MDQL
is popping MORE tags! Check the
thread
!
Quizzes
Events
Quiz Creation
Community
Videos
Private Events
Remove Ads
Sign In
Join for FREE
Feedback
Dark Mode
Quiz Categories
Sports
Geography
Music
Movies
Television
Just For Fun
Miscellaneous
History
Literature
Language
Science
Gaming
Entertainment
Religion
Holiday
For Kids
Quiz Lab
Recent
Popular Today
Quiz Kudos Today
Editor Picks
Curator Picks
Quizzes by...
Day
Popularity
Type
Ratings
Length
Year
Community
Subscriptions
Recent Discussions
Orange Saloon
Badges
Playlists
Quests
Create
Leaderboards
Showdown
Live 5
Trivia Bingo
Activity
Puzzle Library
Sporcle Events
Private Events
Virtual Trivia
Globe League
Become a Host
Pub Owners
SporcleCon
Opinionation
Our Games
Videos
Blog
Mobile Apps
Partnerships
Remove Ads and Go Orange
Feedback
Sports
Athletes
MLB
NBA
NHL
NFL
Soccer
Sports Teams
WWE
NCAA
Football
Premier League
Basketball
Baseball
Hockey
Golf
Tennis
Cricket
Rugby
Auto Racing
Olympics
World Cup
Sports
Athletes
MLB
NBA
NHL
NFL
Soccer
Sports Teams
WWE
NCAA
Football
Premier League
Basketball
Baseball
Hockey
Golf
Tennis
Cricket
Rugby
Auto Racing
Olympics
World Cup
Random Quiz
Search Sporcle
×
Quiz Lab
Quiz Lab
Sports
Top 30
Type in answers that appear in a list
Type in answers that appear in a list
Classic
Best Score? Go Orange.
Best New York Mets Players Stats
Can you name the Top 30 Mets Players by OBP
By
awilliams5
8m
30 Questions
123 Plays
123 Plays
123 Plays
Comments
Comments
Give Quiz Kudos
Give Quiz Kudos
-
- Ratings
hide this ad
Replay
Link that replays current quiz
Next Quiz
Link to next quiz in quiz playlist
You Got
0%
They Got
Avg Score
56%
Avg Friend Score
Upgrade to see
Score Distribution
Jump to the score distribution portion of the page
Score
0/30
Timer
08:00
0
Plays Today
Career OBP with Mets
Player
% Correct
.380
David Wright
99.2%
.341
Jose Reyes
97.6%
.373
Mike Piazza
95.1%
.359
Darryl Strawberry
92.7%
.369
Carlos Beltran
91.1%
.387
Keith Hernandez
89.4%
.341
Howard Johnson
82.9%
.351
Carlos Delgado
82.1%
.425
John Olerud
77.2%
.367
Edgardo Alfonzo
74.8%
.350
Lenny Dykstra
68.3%
.353
Wally Backman
65%
.360
Robin Ventura
61.8%
.358
Rusty Staub
56.9%
.360
Steve Henderson
52.8%
Career OBP with Mets
Player
% Correct
.356
Bobby Bonilla
52.8%
.357
Lee Mazzilli
52%
.391
Dave Magadan
46.3%
.357
Bernard Gilkey
46.3%
.354
Cliff Floyd
43.1%
.348
Todd Zeile
40.7%
.342
Lucas Duda
39%
.341
John Stearns
35%
.344
Roger Cedeno
32.5%
.366
Luis Castillo
31.7%
.348
Wayne Garrett
30.9%
.344
Ron Hunt
28.5%
.342
Ron Hodges
13.8%
.341
Art Shamsky
13.8%
.349
Elliott Maddux
1.6%
Quiz Playlist
Details
Report
Send in Message
Add To Playlist
Classic:
Type in answers that appear in a list
Last Updated: Feb 16, 2017
Quiz Scoreboard
CHALLENGE
Sign Up to Join the Scoreboard
Show All
Scores
Hide
Comments
May contain spoilers
Recently Published
Two Season TV Shows II
by 123Four
Television
10m
Image Sorting: Flags VI
by Barbecue
Geography
2m
Find the 'City' Movie
by crazypaving
Movies
60s
More to Explore
Quiz From the Vault
Featured Blog Post
14 Easter Pick-up Lines to Find Eggs With
hide this ad
You Might Also Like...
Tags
Career
met
OBP
Player
Top 30
Today's Top Quizzes in Sports
Browse Sports
hide this ad
Today's Top Quizzes in Top 30
Browse Top 30
Top Contributed Quizzes in Sports
1
Les meilleurs buteurs des matchs entre le PSG et l’OM
2
Les entraîneurs de l'OM et du PSG au 21e siècle
3
2022 World Cup Stars
4
Les joueurs passés par le PSG et l'OM
5
Players with Multiple 50 Home Run Seasons
6
FIFA Club World Cup Champions
7
Criteria MLB: Left Handed Sluggers
8
Les joueurs passés par le LOSC et le RC Lens
9
Top 10 NHL Goal Scorers of All Time
10
MLB Players with Two .350 Batting Average Seasons
Explore More
Trending Topics
Kpop
Marvel
Disney
Anime
Crossword
Harry Potter
NBA
Puzzle
Country
Soccer
Pokémon
The Office
NFL
WWE
Song
hide this ad
More By:
awilliams5
Quiz
Plays
Rating
Category
Featured
Created
Best New York Mets Players
123
3.67
Sports
Jun 9, 2014
Go to Creator's Profile
Score Distribution
Quiz Creator Spotlight
awilliams5
Follow
Send a Message
Quizzes Created
-
Created Quiz Play Count
-
More By This Creator
Popular Quizzes Today
1
Find the US States - No Outlines Minefield
2
Colored Red Africa Blitz
3
Find the 'City' Movie
4
5x2 Blitz: Bands
5
The Countries of the World
6
Find the Countries of Europe - No Outlines Minefield
7
Find the US States
8
US States
More Sports Quizzes
Sorting Squares: Big 4 Teams by State II
Curator's Pick
Trending Quizzes
Colored Red Europe Blitz I
Colored Red Africa Blitz II
Colored Red Europe Blitz II
Colored Red Africa Blitz III
Colored Red Europe Blitz III
Recently Updated
How Do You Spell That?
pecheneg
Godzilla Movies
pecheneg
Grab Bag: 4-10 Letters
pecheneg
2024 March Madness Bracket
pecheneg
Famous TV Couples
Peacemaker
Champions League XIs: Real Madrid
pecheneg
Largest US Cities 1790-2010
pecheneg
Rides in Walt Disney World
pecheneg
Most Oscar Losses (Acting)
pecheneg
Beyoncé Albums
pecheneg
Trending Topics
NBA
Anime
Crossword
Marvel
Disney
Harry Potter
Kpop
NFL
Pokémon
Puzzle
WWE
The Office
Soccer
Song
Country
Your Account Isn't Verified!
In order to create a playlist on Sporcle, you need to verify the email address you used during registration. Go to your
Sporcle Settings
to finish the process.
Report this User
Report this user for behavior that violates our
Community Guidelines
.
Details:
Send Report
Go to the Sporcle.com Mobile Site →
Comments